Подробности
| 000 -МАРКЕР |
| контрольное поле |
00936nam0a2200265 4500 |
| 001 - ИДЕНТИФИКАТОР ЗАПИСИ |
| контрольное поле |
RU\NLR\b_ik\171116 |
| 005 - ИДЕНТИФИКАТОР ВЕРСИИ |
| контрольное поле |
20260406131834.0 |
| 035 ## - ДРУГИЕ СИСТЕМНЫЕ НОМЕРА |
| Идентификатор записи |
(NLR Aleph) 002243827 |
| 100 ## - ДАННЫЕ ОБЩЕЙ ОБРАБОТКИ |
| Данные общей обработки |
20080718d2008 |||y0rusy50 ca |
| 101 1# - ЯЗЫК РЕСУРСА |
| Язык текста, звукозаписи и т.д. |
английский |
| Язык оригинала |
русский |
| 102 ## - СТРАНА ПУБЛИКАЦИИ ИЛИ ПРОИЗВОДСТВА |
| Страна публикации |
российская федерация |
| 105 ## - ПОЛЕ КОДИРОВАННЫХ ДАННЫХ: ТЕКСТОВЫЕ МАТЕРИАЛЫ, МОНОГРАФИЧЕСКИЕ |
| Кодированные данные о монографическом текстовом документе |
ac ||||||||| |
| 200 1# - ЗАГЛАВИЕ И СВЕДЕНИЯ ОБ ОТВЕТСТВЕННОСТИ |
| Основное заглавие |
Ruslan and Ludmila |
| Сведения, относящиеся к заглавию |
a poem |
| Первые сведения об ответственности |
Alexander Pushkin |
| Последующие сведения об ответственности |
transl. from the Russian by Irina Zheleznova |
| -- |
ill. by Boris, Kaleria, a. Svetlana Kukuliev |
| 210 ## - ПУБЛИКАЦИЯ, РАСПРОСТРАНЕНИЕ И ДР. |
| Место издания, распространения и т.д. |
Moscow |
| Имя издателя, распространителя и т. д. |
Raduga |
| Дата издания, распространения и т.д. |
2008 |
| 215 ## - ФИЗИЧЕСКАЯ ХАРАКТЕРИСТИКА |
| Специфическое обозначение материала и объем |
132, [1] с. |
| Другие сведения о физической характеристике |
цв. ил., портр. |
| Размеры |
27 |
| 686 2# - ИНДЕКСЫ ДРУГИХ КЛАССИФИКАЦИЙ |
| Индекс |
Ш6(2=Р)57англ. |
| 700 #1 - ИМЯ ЛИЦА - ПЕРВИЧНАЯ ОТВЕТСТВЕННОСТЬ |
| Код отношения |
Автор |
| Материалы, к которым относится поле |
rus |
| Графика поля |
Латинская |
| Начальный элемент ввода |
Puškin |
| Часть имени, кроме начального элемента ввода |
A. S. |
| Дополнения к именам, кроме дат |
поэт |
| Даты |
1799-1837 |
| Расширение инициалов личного имени |
Aleksandr Sergeevič |
| Идентификатор авторитетной/нормативной записи |
RU\NLR\AUTH\771614 |
| Системный номер авторитетной/нормативной записи |
111634 |
| 702 #1 - ИМЯ ЛИЦА - ВТОРИЧНАЯ ОТВЕТСТВЕННОСТЬ |
| Начальный элемент ввода |
Železnova |
| Часть имени, кроме начального элемента ввода |
I. L. |
| Даты |
-1987 |
| Расширение инициалов личного имени |
Irina L'vovna |
| Код отношения |
Переводчик |
| 702 #1 - ИМЯ ЛИЦА - ВТОРИЧНАЯ ОТВЕТСТВЕННОСТЬ |
| Начальный элемент ввода |
Kukuliev |
| Часть имени, кроме начального элемента ввода |
B. |
| Расширение инициалов личного имени |
Boris |
| Код отношения |
Иллюстратор |
| 801 #0 - ИСТОЧНИК ЗАПИСИ |
| Страна |
российская федерация |
| Организация |
NLR |
| Дата составления |
20080718 |
| Правила каталогизации |
RCR |
| 942 ## - ДОПОЛНИТЕЛЬНЫЕ ЭЛЕМЕНТЫ ЗАПИСИ (АБИС) |
| Тип экземпляра АБИС |
Книга |
| 980 ## - КОЛЛЕКЦИЯ |
| Название коллекции |
Национальная библиография |